|
|
|
|
| LEADER |
01762nam a22003137a 4500 |
| 001 |
40088 |
| 003 |
BD-DhAAL |
| 008 |
221117t2008 bg ||||| b||| 00| 0 eng d |
| 040 |
|
|
|a BD-DhAAL
|c BD-DhAAL
|
| 082 |
|
|
|a 354.549200722
|
| 100 |
|
|
|a Khan, Akbar Ali
|9 52454
|
| 245 |
|
|
|a People’s participation in budgetary process in Bangladesh :
|b in search of some policy reforms /
|c Akbar Ali Khan.
|
| 246 |
|
|
|a বাংলাদেশের বাজেট প্রক্রিয়ায় গণমানুষের অংশীদারিত্ব :
|b কতিপয় নীতিমালা সংস্কারের অন্বেষা
|
| 250 |
|
|
|a First edition.
|
| 260 |
|
|
|a Dhaka :
|b Shamunnay,
|c 2008.
|
| 300 |
|
|
|a 54 pages ;
|c 22 cm.
|
| 504 |
|
|
|a Includes bibliographical references (pages 51-54).
|
| 526 |
|
|
|a AAL
|
| 541 |
|
|
|a Development Book Agency, Donated By Akbar Ali Khan
|e 40088, 40089, 42083
|
| 650 |
|
|
|a Budget
|z Bangladesh.
|9 52455
|
| 650 |
|
|
|a Economics.
|9 52461
|
| 651 |
|
|
|a Bangladesh
|x Economic conditions.
|9 52462
|
| 651 |
|
|
|a Bangladesh
|x Politics and government.
|9 52463
|
| 852 |
|
|
|a Ayesha Abed Library
|c General Stacks
|
| 942 |
|
|
|2 ddc
|c BK
|
| 999 |
|
|
|c 45031
|d 45031
|
| 952 |
|
|
|0 0
|1 0
|2 ddc
|4 0
|6 354_549200722000000_KHA
|7 0
|9 72323
|a BRACUL
|b BRACUL
|c GEN
|d 2022-11-12
|e Development Book Agency
|g 500.00
|l 0
|o 354.549200722 KHA
|p 3010040089
|r 2022-11-12
|t 2
|v 500.00
|w 2022-11-12
|y BK
|
| 952 |
|
|
|0 0
|1 0
|2 ddc
|4 0
|6 354_549200722000000_KHA
|7 0
|9 72324
|a BRACUL
|b BRACUL
|c GEN
|d 2022-11-12
|e Development Book Agency
|g 500.00
|l 0
|o 354.549200722 KHA
|p 3010040088
|r 2022-11-12
|t 1
|v 500.00
|w 2022-11-12
|y BK
|
| 952 |
|
|
|0 0
|1 0
|2 ddc
|4 0
|6 354_549200722000000_KHA
|7 1
|9 74976
|a BRACUL
|b BRACUL
|c CS1
|d 2024-01-22
|l 0
|o 354.549200722 KHA
|p 3010042083
|r 2024-01-22
|t 3
|w 2024-01-22
|y BK
|